Catálogo
 En Linea

Los Estados Unidos y Trujillo : los días finales 1960-61 : (Registro nro. 35603)

Detalles MARC
000 -CABECERA
campo de control de longitud fija 01456nam a2200325 a 4500
001 - NÚMERO DE CONTROL
campo de control 000036112
003 - IDENTIFICADOR DEL NÚMERO DE CONTROL
campo de control DO-SdBNP
005 - FECHA Y HORA DE LA ÚLTIMA TRANSACCIÓN
campo de control 20240409073643.0
008 - DATOS DE LONGITUD FIJA--INFORMACIÓN GENERAL
campo de control de longitud fija 100916t2011 dr ac 001 0dspa d
020 ## - NÚMERO INTERNACIONAL ESTÁNDAR DEL LIBRO
Número Internacional Estándar del Libro 9789993427001
040 ## - FUENTE DE LA CATALOGACIÓN
Centro catalogador/agencia de origen DO-SdBNP
Lengua de catalogación spa
Centro/agencia transcriptor BNPHU
082 #4 - NÚMERO DE LA CLASIFICACIÓN DECIMAL DEWEY
Número de clasificación 972.93053
Número de documento/Ítem E79un 1960-61
Número de edición 22
245 04 - MENCIÓN DE TÍTULO
Título Los Estados Unidos y Trujillo : los días finales 1960-61 :
Resto del título colección de documentos del Departamento de Estados la CIA y los archivos del Palacio Nacional Dominicano /
Mención de responsabilidad, etc. Bernardo Vega compilador.
250 ## - MENCIÓN DE EDICIÓN
Mención de edición 3a. ed.
260 ## - PUBLICACIÓN, DISTRIBUCIÓN, ETC.
Lugar de publicación, distribución, etc. Santo Domingo :
Nombre del editor, distribuidor, etc. Fundación Cultural Dominicana,
Fecha de publicación, distribución, etc. 2011.
300 ## - DESCRIPCIÓN FÍSICA
Extensión 786 p. :
Otras características físicas il., retrs. ;
Dimensiones 27 cm.
500 ## - NOTA GENERAL
Nota general Incluye datos biográficos del autor en la cubierta.
500 ## - NOTA GENERAL
Nota general Incluye índice onomástico.
500 ## - NOTA GENERAL
Nota general Incluye referencias bibliográficas y notas al pie de las páginas.
504 ## - NOTA DE BIBLIOGRAFÍA, ETC.
Nota de bibliografía, etc. Bibliografía : p. 767-783.
586 ## - NOTA DE PREMIOS
Nota de premios Premio nacional Feria del Libro Don Eduardo Léón Jimenes
590 ## - NOTA LOCAL (RLIN)
Nota local Inventariado 2021 / MF
600 10 - PUNTO DE ACCESO ADICIONAL DE MATERIA--NOMBRE DE PERSONA
Nombre de persona Trujillo Molina, Rafael Leónidas,
Fechas asociadas al nombre 1891-1961
9 (RLIN) 76764
651 #4 - PUNTO DE ACCESO ADICIONAL DE MATERIA--NOMBRE GEOGRÁFICO
Nombre geográfico Estados Unidos
Subdivisión general Relaciones exteriores
Subdivisión geográfica República Dominicana
9 (RLIN) 6309
651 #4 - PUNTO DE ACCESO ADICIONAL DE MATERIA--NOMBRE GEOGRÁFICO
Nombre geográfico República Dominicana
Subdivisión general Relaciones exteriores
Subdivisión geográfica Estados Unidos
9 (RLIN) 6308
651 #4 - PUNTO DE ACCESO ADICIONAL DE MATERIA--NOMBRE GEOGRÁFICO
Nombre geográfico República Dominicana
Subdivisión general Política y gobierno
Subdivisión cronológica Era de Trujillo, 1930-1961
9 (RLIN) 1374
700 1# - PUNTO DE ACCESO ADICIONAL--NOMBRE DE PERSONA
Nombre de persona Vega, Bernardo,
Fechas asociadas al nombre 1938 -
9 (RLIN) 3222
910 ## - DATOS DE OPCIÓN DEL USUARIO (OCLC)
Datos de opción del usuario Validado. Control de calidad MFF
942 ## - ELEMENTOS DE PUNTO DE ACCESO ADICIONAL (KOHA)
Fuente del sistema de clasificación o colocación Dewey Decimal Classification
Tipo de ítem Koha Libro
Existencias
Estado de retiro Estado de pérdida Fuente del sistema de clasificación o colocación Restricciones de uso No para préstamo Código de colección Localización permanente Ubicación/localización actual Ubicación en estantería Fecha de adquisición Fuente de adquisición Total de préstamos Signatura topográfica completa Código de barras Fecha visto por última vez Número de copia Precio válido a partir de Tipo de ítem Koha
    Dewey Decimal Classification Préstamo restringido   Patrimonio Dominicano Biblioteca Nacional Pedro Henríquez Ureña Biblioteca Nacional Pedro Henríquez Ureña Depósito 13.12.2011 Depósito Legal   BNPHU PD 972.93053 E79un 1960-1961 36112-20 25.06.2020 e.2 25.06.2020 Libro
    Dewey Decimal Classification Préstamo restringido   Patrimonio Dominicano Biblioteca Nacional Pedro Henríquez Ureña Biblioteca Nacional Pedro Henríquez Ureña Depósito 13.12.2011 Depósito Legal   BNPHU PD 972.93053 E79un 1960-1961 36112-10 25.06.2020   25.06.2020 Libro
    Dewey Decimal Classification Préstamo en sala   Dominicana de Servicio Biblioteca Nacional Pedro Henríquez Ureña Biblioteca Nacional Pedro Henríquez Ureña Depósito 13.12.2011 Depósito Legal   BNPHU DS 972.93053 E79un 1960-1961 36112-30 25.06.2020 e.3 25.06.2020 Libro
    Dewey Decimal Classification Préstamo en sala   Dominicana de Servicio Biblioteca Nacional Pedro Henríquez Ureña Biblioteca Nacional Pedro Henríquez Ureña Depósito 19.08.2019 Donado por Librería Mateca   BNPHU DS 972.93053 E79un 1960-1961 2021-27104 01.10.2021 e.4 01.10.2021 Libro

Con tecnología Koha